000
00286nam a22001337a 4500
008
180111b xxu||||| |||| 00| 0 eng d
020
_a
0130220965
041
_a
eng
080
_a
51
100
_a
38
101
_a
MAT
245
_a
ALGEBRA WITH TRIGOMETRY
_c
KEY.P
942
_2
udc
_c
BK
999
_c
40108
_d
40108